Maya 5 Fundamentals / (Record no. 156882)

MARC details
000 -LEADER
fixed length control field 00679nam a22002177a 4500
008 - FIXED-LENGTH DATA ELEMENTS--GENERAL INFORMATION
fixed length control field 180904b xxu||||| |||| 00| 0 eng d
010 ## - LCCN (DPL NO)
LC control number B-121117
020 ## - INTERNATIONAL STANDARD BOOK NUMBER
International Standard Book Number 8176357316
Terms of availability 270.00
035 ## - SYSTEM CONTROL NUMBER
System control number B-121117
037 ## - SOURCE OF ACQUISITION
Source of stock number/acquisition BPPD/PUB
040 ## - CATALOGING SOURCE
Original cataloging agency DPL
Language of cataloging Eng
082 00 - DEWEY DECIMAL CLASSIFICATION NUMBER
Classification number 658.15
100 ## - MAIN ENTRY--PERSONAL NAME
Personal name Lewis, Garry
245 10 - TITLE STATEMENT
Title Maya 5 Fundamentals /
Statement of responsibility, etc by Garry Lewis [and] Jim Lammers
260 ## - PUBLICATION, DISTRIBUTION, ETC. (IMPRINT)
Place of publication, distribution, etc New Delhi
Name of publisher, distributor, etc G.C. Jain For Techmedia
Date of publication, distribution, etc 2004
270 ## - ADDRESS
Address Munish Plaza, 20 Ansari Road
City Delhi
Postal code 110002
300 ## - PHYSICAL DESCRIPTION
Extent xlii, 553p.
Other physical details ill.
Dimensions 24(Hb)
500 ## - GENERAL NOTE
General note Include Bibliographical Description with Index
700 ## - ADDED ENTRY--PERSONAL NAME
Personal name Lammers, Jim
942 ## - ADDED ENTRY ELEMENTS (KOHA)
Source of classification or shelving scheme Dewey Decimal Classification
Item type English Books
Classification part 005.43
Call number suffix LEW
Holdings
Withdrawn status Lost status Source of classification or shelving scheme Damaged status Not for loan Collection code Home library Current library Date acquired Source of acquisition Cost, normal purchase price Total Checkouts Full call number Barcode Date last seen Cost, replacement price Koha item type
    Dewey Decimal Classification     Non-fiction Shahdara Branch Shahdara Branch 04/09/2018 BPPD/PUB 270.00   005.43 LEW B-121117 04/09/2018 270.00 English Books

© Delhi Public Library
Hit Counter
free hit counter